000 00845nam a2200277Ia 4500
005 20220317000356.0
008 141031s2011 ck ag 0 sga d s sp spa
020 _a9789500398398
082 0 4 _a792.0226
_bR61t
100 1 _aRoca, Núria
245 1 0 _aTeatro
_cNuria Roca ; ilustrado por Rosa María Curto
250 _aPrimera edición
264 1 _aBuenos Aires
_bLosada
_c2011
300 _a35 páginas
_bilustraciones
_c25 cm.
336 _atexto
_btxt
_2rdacontent
337 _asin mediación
_bn
_2rdamedia
338 _avolumen
_bnc
_2rdacarrier
490 _a¿Qué es el arte?
650 1 4 _2LEMB
_aTeatro
_xTécnicas
650 1 4 _2LEMB
_aTiteres
650 1 4 _2LEMB
_aCircos
650 1 4 _2LEMB
_aExpresión corporal
700 1 _aCurto, Rosa María
_eilustrador
_9103998
942 _2ddc
_cBK
040 _aCO-BoRNBP
_bspa
_erda
_cCO-BoRNBP
999 _c3870
_d3870